000 00425 a2200133 4500
001 87626
082 _aPR 07
090 _c41079
_d41079
100 _aAyesha Munir, Plt Off 15213 69 (B) EC
245 _aDevelopment of an algorithm for face detection / tracking in sequence of images / videos
260 _aRisalpur
_bCAE PAF Academy Risalpur
_c2010
300 _aix, 49p.
_eIsrar Hussain Wg Cdr
500 _aBE Project Reports
942 _aCAE NUST
_kPR 07
999 _c322699
_d322699